rusina - Trapped In Underground - Statystyki

Ogólne statystyki
  • Ten quiz został rozwiązany 16 razy
  • Średni wynik to 6 z 8
Statystyki odpowiedzi
Trapped In Underground % Poprawnych
Acta
83%
Szminki
75%
Throwback
75%
Trapped In Underground
75%
Dama Z Dobrego Domu
67%
Natura
67%
Rodo
67%
Whippin'
67%
Nie znaleziono quizów pasujących do podanych kryteriów
Rozkład punktacji
Procent ludzi z każdym wynikiem
Percentyl według liczby udzielonych odpowiedzi
Twoja historia wyników
Nie rozwiązałeś tego quizu